|
|
|
|
| LEADER |
00000nam a2200000 a 4500 |
| 001 |
vtls010443554 |
| 003 |
SK-MaSNL |
| 005 |
20260426005514.0 |
| 008 |
120821s2012 xo o g c 000 0 fre |
| 015 |
|
|
|a SNBE2013
|
| 020 |
|
|
|a 9788080848392 (brož.)
|
| 040 |
|
|
|a SNK
|b slo
|c SNK
|e AACR2
|
| 041 |
0 |
|
|a fre
|
| 043 |
|
|
|a e-xo---
|
| 044 |
|
|
|a xo
|c SK
|
| 072 |
|
7 |
|a 398
|x Folklór
|2 konspekt
|
| 072 |
|
7 |
|a 72/76
|x Výtvarné umenie
|2 konspekt
|
| 080 |
|
|
|a 72/76.022.82
|2 2001
|
| 080 |
|
|
|a 72/76(437.6)
|2 2001
|
| 080 |
|
|
|a 378.011.3-051
|2 2001
|
| 080 |
|
|
|a 378.011.3-052
|2 2001
|
| 080 |
|
|
|a 7.031.4
|2 2001
|
| 080 |
|
|
|a 78.031.4
|2 2001
|
| 080 |
|
|
|a 745/749-028.41
|2 2001
|
| 080 |
|
|
|a 793.3
|2 2001
|
| 080 |
|
|
|a 72/76
|2 2001
|
| 080 |
|
|
|a (437.6)
|2 2001
|
| 080 |
|
|
|a (083.82)
|2 2001
|
| 100 |
1 |
|
|a Bošelová, Marta,
|d 1955-
|4 aut
|4 edt
|9 249456
|
| 245 |
1 |
0 |
|a Le Savoir-faire dans l'artisanat et la musique
|b jonction entre la tradition et le présent : atelier de création 5
|c Marta Bošelová, Martina Krušinská
|
| 246 |
3 |
0 |
|a Jonction entre la tradition et le présent
|
| 246 |
3 |
0 |
|a Atelier de création 5
|
| 250 |
|
|
|a [1. éd.]
|
| 260 |
|
|
|a Ružomberok
|b Verbum
|c 2012
|
| 300 |
|
|
|a [16] s.
|b fotogr.
|c 25 cm
|
| 366 |
|
|
|e 500 výt.
|
| 500 |
|
|
|a Projekt - objavovanie strateného v čase: 2/2009 - 2/2012
|
| 650 |
0 |
7 |
|a výtvarné dielne
|2 SNKPH
|9 85692
|
| 650 |
0 |
7 |
|a slovenské umenie
|2 SNKPH
|9 3001
|
| 650 |
0 |
7 |
|a vysokoškolskí učitelia
|2 SNKPH
|9 66590
|
| 650 |
0 |
7 |
|a vysokoškolskí študenti
|2 SNKPH
|9 3981
|
| 650 |
0 |
7 |
|a ľudové umenie
|2 SNKPH
|9 2866
|
| 650 |
0 |
7 |
|a ľudová hudba
|2 SNKPH
|9 3183
|
| 650 |
0 |
7 |
|a ľudová umelecká výroba
|2 SNKPH
|9 97658
|
| 650 |
0 |
7 |
|a pohybové umenie
|2 SNKPH
|9 51538
|
| 650 |
0 |
7 |
|a výtvarné umenie
|2 SNKPH
|9 723
|
| 650 |
0 |
7 |
|a Art workshops
|2 SNKPHeng
|9 329252
|
| 650 |
0 |
7 |
|a Slovak art
|2 SNKPHeng
|9 275442
|
| 650 |
0 |
7 |
|a College teachers
|2 SNKPHeng
|9 267441
|
| 650 |
0 |
7 |
|a College students
|2 SNKPHeng
|9 275186
|
| 650 |
0 |
7 |
|a Folk art
|2 SNKPHeng
|9 316741
|
| 650 |
0 |
7 |
|a Folk music
|2 SNKPHeng
|9 90462
|
| 650 |
0 |
7 |
|a Folk art production
|2 SNKPHeng
|9 331944
|
| 650 |
0 |
7 |
|a Movement art
|2 SNKPHeng
|9 302925
|
| 650 |
0 |
7 |
|a Art
|2 SNKPHeng
|9 266209
|
| 651 |
|
7 |
|a Liptov (Slovensko : región)
|2 SNKPH
|9 151081
|
| 651 |
|
7 |
|a Orava (Slovensko : región)
|2 SNKPH
|9 116635
|
| 651 |
|
7 |
|a Liptov (Slovakia : region)
|2 SNKPHeng
|9 169045
|
| 651 |
|
7 |
|a Orava (Slovakia : region)
|2 SNKPHeng
|9 142438
|
| 655 |
|
7 |
|a katalógy
|2 SNKPH
|9 60821
|
| 655 |
|
7 |
|a Catalogs
|2 SNKPHeng
|9 266059
|
| 700 |
1 |
|
|a Krušinská, Martina,
|d 1974-
|4 aut
|4 edt
|9 193132
|
| 919 |
|
|
|a 978-80-8084-839-2
|
| 999 |
|
|
|c 1009783
|d 1011713
|
| 952 |
|
|
|a SNK
|b SNK
|y PREZ
|7 0
|p 17A1034164
|o snkOSC 26158/5
|i snk2012/16544
|8 0
|0 0
|1 0
|4 0
|d 2012-08-21
|l 0
|r 2026-02-24 12:48:43
|w 2026-02-24
|
| 952 |
|
|
|a SNK
|b SNK
|y VYP
|7 0
|p 17A1034165
|o snkOSC 26158/5 D1
|i snk2012/16545
|8 0
|0 0
|1 0
|4 0
|d 2012-08-21
|l 0
|r 2026-02-24 12:48:43
|w 2026-02-24
|